Statistics for Left Hand Traffic or Right Hand Traffic? #2

Click here to take the quiz!

General Stats

  • This quiz has been taken 29 times
  • The average score is 12 of 15

Answer Stats

QuestionAnswer% Correct
GermanyRHT
100%
ParaguayRHT
100%
South KoreaRHT
95%
Saudi ArabiaRHT
95%
KazakhstanRHT
95%
South AfricaLHT
90%
BeninRHT
85%
IrelandLHT
80%
SingaporeLHT
80%
Dominican RepublicRHT
80%
NigeriaRHT
80%
BangladeshLHT
75%
TanzaniaLHT
65%
MaltaLHT
65%
SamoaLHT
60%

Score Distribution

Percentile by Number Answered

Percent of People with Each Score

Your Score History

You have not taken this quiz